00704cam a2200193 a 450000100100000000500170001000800410002702000150006804000250008308200220010810000360013024500640016626000470023030000210027750000210029865000510031995201250037099900150049500000341720200929150433.0880902s1982 pr o 001 0 spa  a8449984963 aDO-SdBNPbspacBNPHU a792.097295bF475c1 aFigueroa Chapel, Ramón91065110aCrítica de teatro (1977-1979) /cRamón Figueroa Chapel. aRío Piedras, Puerto Rico :bEdil,c1982. a319 p. ;c20 cm. aIncluye índice 4aTeatrozPuerto RicoxHistoriaySIGLO XX910652 001052708MOaGRbGRcHDd2009-07-08iLF1l0o792.097295 F475cp3417-10r2020-06-25w2020-06-25y2ZPréstamo interno c3247d3247